| 000 | 00960nam a2200253 a 4500 | ||
|---|---|---|---|
| 001 | BRCA_7156 | ||
| 005 | 20190321142929.0 | ||
| 008 | 110112s1957----au-a######---#000-0#ger-# | ||
| 041 | _ager | ||
| 044 | _aau | ||
| 050 | 4 | _b.K86 1957 | |
| 245 | 1 | 0 |
_aKunst aus Österreich : Tapisserien = Art treasures in Austria : tapestries = L´Art en Autriche : tapisseries _cherausgegeben von der Actien-Gesellschaft der Vöslauer Kammgarn-Fabrik ; Auswahl der Bilder und text, Anna Spitzmüller |
| 260 |
_aBad Vöslau, Austria _bDie Gesellschaft _c1957 |
||
| 300 |
_a23 p. _bil., 43 láminas _c32 cm. |
||
| 500 | _aO181 | ||
| 546 | _aTexto en alemán, inglés y francés | ||
| 650 | 1 | 4 |
_aTapetes _zAustria _917753 |
| 700 | 1 |
_aSpitzmüller, Anna _etx. _917754 |
|
| 710 | 2 |
_aActien-Gesellschaft der Vöslauer Kammgarn-Fabrik _917755 |
|
| 740 | 0 | _aArt treasures in Austria : tapestries | |
| 740 | 0 | _aL´Art en Autriche : tapisseries | |
| 902 | _aGFM | ||
| 942 |
_2lcc _cB |
||
| 999 |
_c6837 _d6837 |
||